|
|
|
|
| LEADER |
00000nam a2200000 a 4500 |
| 001 |
vtls010638540 |
| 003 |
SK-MaSNL |
| 005 |
20260301090824.0 |
| 008 |
250313s1980 xo f b 000 0 slo |
| 015 |
|
|
|a SNBA1980
|
| 035 |
|
|
|a 27CCEA5C-5433-490E-AE2E-0C0C53C9524C
|
| 035 |
|
|
|a urn:nbn:sk:snk-amkz5h
|
| 035 |
|
|
|a urn:nbn:sk:snk-am008pdg
|
| 040 |
|
|
|a SNK
|b slo
|c SNK
|e AACR2
|
| 041 |
0 |
|
|a slo
|
| 044 |
|
|
|a xo
|c SK
|
| 080 |
|
|
|a 025.177:74/78
|2 2001
|
| 080 |
|
|
|a (01)
|2 2001
|
| 245 |
0 |
0 |
|a Špeciálne tlače.
|b Slovenská národná bibliografia, súpisový [registračný] rad, séria E. Experiment
|
| 260 |
|
|
|a Martin
|b MS
|c 1980
|
| 650 |
0 |
7 |
|a neknižné dokumenty
|2 SNKPH
|9 82307
|
| 650 |
0 |
7 |
|a špeciálne dokumenty
|2 SNKPH
|9 64191
|
| 655 |
|
7 |
|a bibliografie
|2 SNKPH
|9 28668
|
| 852 |
|
|
|a Slovenská národná knižnica
|
| 958 |
|
|
|a OND
|
| 958 |
|
|
|a RM
|
| 958 |
|
|
|a KL
|
| 999 |
|
|
|c 669313
|d 671243
|
| 952 |
|
|
|a SNK
|b SNK
|y PREZ
|7 0
|p 17A1001276
|o snkSB 31883
|i snkKSP 4851/81
|0 0
|1 0
|4 0
|d 2014-11-25
|f 1
|l 0
|r 2025-04-04 00:00:00
|w 2026-02-23
|
| 952 |
|
|
|a SNK
|b SNK
|y VYP
|7 0
|o snkSB 31883 D1
|i snkKSP 4852/81
|0 0
|1 0
|4 0
|d 2014-11-25
|l 0
|r 2026-02-23 19:21:55
|w 2026-02-23
|